Introduction to positive economics (Record no. 5640)

000 -LEADER
fixed length control field 00453nam a22001817a 4500
001 - CONTROL NUMBER
control field 5640
003 - CONTROL NUMBER IDENTIFIER
control field BD-DhUET
008 - FIXED-LENGTH DATA ELEMENTS--GENERAL INFORMATION
fixed length control field 141127b xxu||||| |||| 00| 0 eng d
040 ## - CATALOGING SOURCE
Transcribing agency 0
Modifying agency BD-DhUET
082 ## - DEWEY DECIMAL CLASSIFICATION NUMBER
Classification number 330
Item number LIP/1971
100 ## - MAIN ENTRY--PERSONAL NAME
Personal name Lipsey, Richard G.
245 ## - TITLE STATEMENT
Title Introduction to positive economics
250 ## - EDITION STATEMENT
Edition statement 3rd ed.
260 ## - PUBLICATION, DISTRIBUTION, ETC. (IMPRINT)
Name of publisher, distributor, etc. English Language Book
Place of publication, distribution, etc. Hampshire
Date of publication, distribution, etc. 1971
300 ## - PHYSICAL DESCRIPTION
Extent xx, 740 p.
Other physical details ill.
Dimensions 26 cm.
650 #0 - SUBJECT ADDED ENTRY--TOPICAL TERM
Topical term or geographic name as entry element Economics
942 ## - ADDED ENTRY ELEMENTS (KOHA)
Koha item type General Book
Holdings
Source of classification or shelving scheme Withdrawn status Not for loan Koha full call number Lost status Koha item type Koha normalized classification for sorting Copy number Date acquired Price effective from Location (home branch) Koha collection Damaged status Piece designation (barcode) Sublocation or collection (holding branch) Shelving location Koha date last seen
   330/LIP/1971 General Book330LIP197112014-11-272014-11-27Central Library, BUET  23693Central Library, BUETCirculation section2014-11-27
   330/LIP/1971 General Book330LIP197122014-11-272014-11-27Central Library, BUET  23702Central Library, BUETCirculation section2014-11-27
   330/LIP/1971 General Book330_000000000000000_LIP_197132015-01-272015-01-27Central Library, BUET  23689Central Library, BUETCirculation section2015-01-27
   330/LIP/1971 General Book330_000000000000000_LIP_197142015-01-272015-01-27Central Library, BUET  23684Central Library, BUETCirculation section2015-01-27
   330/LIP/1971 General Book330_000000000000000_LIP_197152015-01-272015-01-27Central Library, BUET  23710Central Library, BUETCirculation section2015-01-27
   330/LIP/1971 General Book330_000000000000000_LIP_197162015-01-272015-01-27Central Library, BUET  23713Central Library, BUETCirculation section2015-01-27
   330/LIP/1971 General Book330_000000000000000_LIP_197172015-01-272015-01-27Central Library, BUET  23690Central Library, BUETCataloging section2015-01-27
   330/LIP/1971 General Book330_000000000000000_LIP_197182015-01-272015-01-27Central Library, BUET  23698Central Library, BUETCirculation section2015-01-27
   330/LIP/1971 General Book330_000000000000000_LIP_197192015-01-272015-01-27Central Library, BUET  23685Central Library, BUETCirculation section2015-01-27
   330/LIP/1971 General Book330_000000000000000_LIP_1971102015-01-272015-01-27Central Library, BUET  23712Central Library, BUETCirculation section2015-01-27
   330/LIP/1971 General Book330_000000000000000_LIP_197142015-01-282015-01-28Central Library, BUETNon Fiction 23677Central Library, BUETCirculation section2015-01-28
   330/LIP/1971 General Book330_000000000000000_LIP_1971302015-01-282015-01-28Central Library, BUETNon Fiction 23706Central Library, BUETCirculation section2015-01-28
   330/LIP/1971 General Book330_000000000000000_LIP_1971292015-01-282015-01-28Central Library, BUETNon Fiction 23705Central Library, BUETCirculation section2015-01-28
   330/LIP/1971 General Book330_000000000000000_LIP_1971162015-01-282015-01-28Central Library, BUETNon Fiction 23680Central Library, BUETCirculation section2015-01-28
   330/LIP/1971 General Book330_000000000000000_LIP_1971152015-04-202015-04-20Central Library, BUET  23691Central Library, BUETCirculation section2015-04-20